Top 100 Pokemon - Statistics

General Stats
  • This quiz has been taken 487 times
    104 since last reset
  • The average score is 53 of 100
Answer Stats
Hint/Type/Generation Answer % Correct
13. Fire/Flying (Gen 1) Charizard
89%
52. Electric (Gen 1) Pikachu
88%
42. Psychic (Gen 1) Mew
83%
15. Psychic (Gen 1) Mewtwo
80%
62. Fire/Flying (Gen 1) Moltres
76%
61. Electric/Flying (Gen 1) Zapdos
76%
60. Ice/Flying (Gen 1) Articuno
75%
33. Water (Gen 1) Blastoise
75%
76.Flying/Dragon (Gen 1) Dragonite
75%
10. Flying/Dragon (Gen 3) Rayquaza
75%
47. Grass/Poison (Gen 1) Venusaur
75%
6. Fire/Fighting (Gen 3) Blaziken
71%
27. Ghost/Poison (Gen 1) Gengar
71%
1. Dark (Gen 4) Darkrai
70%
32. Every type (Every Gen) Eevee
70%
11. Fire/Ground (Gen 3) Groudon
68%
21. Water/Flying (Gen 1) Gyarados
68%
12. Water (Gen 3) Kyogre
67%
51. Psychic (Gen 1) Alakazam
66%
44. Flying/Fire (Gen 2) Ho-Oh
66%
43. Psychic/Flying (Gen 2) Lugia
66%
20. Water/Ground (Gen 3) Swampert
66%
28. Dark/Rock (Gen 2) Tyranitar
66%
8. Bug/Steel (Gen 2) Scizor
64%
40. Steel/Dragon (Gen 4) Dialga
63%
26. Psychic/Fairy (Gen 3) Gardevoir
63%
97. Fire/Fighting (Gen 4) Infernape
63%
41. Water/Dragon (Gen 4) Palkia
63%
31. Dragon/Flying (Gen 3) Salamence
63%
67. Fighting (Gen 1) Machamp
62%
58. Fire (Gen 1) Ninetales
62%
68. Rock/Flying (Gen 1) Aerodactyl
61%
29. Ground/Dragon (Gen 4) Garchomp
61%
19. Grass (Gen 3) Sceptile
61%
57. Fire (Gen 1) Arcanine
59%
4. Electric (Gen 4) Electivire
59%
24. Water/Dark (Gen 6) Greninja
59%
69. Ice/Water (Gen 1) Lapras
59%
18. Psychic/Steel (Gen 3) Metagross
59%
16. Normal (Gen 4) Arceus
58%
91. Fire (Gen 2) Entei
58%
34. Dragon/Ghost (Gen 4) Giratina
58%
14. Fighting/Steel (Gen 4) Lucario
58%
5. Fire (Gen 4) Magmortar
58%
92. Water (Gen 2) Suicune
58%
7. Water/Steel (Gen 4) Empoleon
57%
90. Electric (Gen 2) Raikou
57%
79. Electric/Dragon (Gen 5) Zekrom
55%
2. Dark (Gen 3) Absol
54%
17. Dragon/Ground (Gen 3) Flygon
54%
80. Dragon/Fire (Gen 5) Reshiram
54%
46. Grass/Dark (Gen 3) Shiftry
54%
81. Ice/Dragon (Gen 5) Kyurem
53%
96. Fire (Gen 2) Typhlosion
51%
72. Grass/Psychic (Gen 2) Celebi
50%
23. Psychic (Gen 3) Deoxys
50%
37. Bug/Fighting (Gen 2) Heracross
50%
65. Psychic/Dragon (Gen 3) Latios & Latias
50%
83. Steel/Flying (Gen 2) Skarmory
50%
30. Electric (Gen 2) Ampharos
49%
36. Dragon/Dark (Gen 5) Hydreigon
49%
66. Dark/Flying (Gen 6) Yveltal
49%
63. Flying/Dragon (Gen 3) Altaria
47%
98. Water (Gen 2) Feraligatr
47%
59. Fighting/Grass (Gen 3) Breloom
46%
22. Electric (Gen 4) Luxray
46%
87. Dragon/Ground (Gen 6) Zygarde
46%
82. Poison/Ground (Gen 1) Nidoking & Nidoqueen
45%
35. Dragon (Gen 5) Haxorus
43%
56. Grass (Gen 5) Serperior
43%
78. Fire/Flying (Gen 6) Talonflame
43%
25. Electric (Gen 3) Manectric
42%
85. Water/Dark (Gen 3) Sharpedo
42%
88. Psychic/Steel (Gen 7) Solgaleo
42%
45. Dark (Gen 5) Zoroark
42%
38. Rock/Steel (Gen 3) Aggron
41%
71. Grass/Ghost (Gen 7) Decidueye
41%
89. Psychic/Ghost (Gen 7) Lunala
41%
39. Ground/Rock (Gen 4) Rhyperior
41%
55. Water (Gen 5) Samurott
41%
75. Normal/Flying (Gen 3) Swellow
41%
54. Psychic (Gen 4) Cresselia
39%
95. Water/Dragon (Gen 2) Kingdra
38%
70. Water (Gen 3) Milotic
38%
53. Bug/Steel (Gen 5) Genesect
37%
49. Dark/Steel (Gen 5) Kingambit
37%
64. Dragon/Flying (Gen 6) Noivern
36%
100. Poison/Fighting (Gen 4) Toxicroak
34%
9. Grass/Dark (Gen 3) Cacturne
33%
48. Grass/Rock (Gen 3) Cradily
32%
77. Dragon (Gen 5) Druddigon
32%
84. Dark (Gen 3) Mightyena
32%
74. Flying/Steel (Gen 8) Corviknight
30%
93. Rock (Gen 7) Lycanroc
29%
3. Normal (Gen 3) Zangoose
28%
99. Rock (Gen 5) Gigalith
26%
94. Bug/Poison (Gen 5) Scolipede
26%
86. Dark/Fighting (Gen 6) Pangoro
25%
50. Ground/Normal Ursaluna
22%
73. Electric (Gen 7) Zeraora
18%
No matching quizzes found
Score Distribution
Percent of People with Each Score
Percentile by Number Answered
Your Score History
You have not taken this quiz since the last reset